[Event "Sant Adria de Besos op 11th"]
[Site "Sant Adria de Besos"]
[Date "2015.06.07"]
[Round "7.16"]
[White "Samper Casas, Oriol"]
[Black "Moran Soria, Jorge"]
[Result "0-1"]
[WhiteElo "1797"]
[BlackElo "2001"]
[PlyCount "78"]
[EventDate "2015.04.12"]
[EventType "swiss"]
[EventRounds "9"]
[EventCountry "ESP"]
[SourceTitle "EXT 2024"]
[Source "ChessBase"]
[SourceDate "2023.10.10"]
[SourceVersion "1"]
[SourceVersionDate "2023.10.10"]
[SourceQuality "1"]

1. e4 c6 2. d4 d5 3. e5 Bf5 4. Bd3 Bxd3 5. Qxd3 e6 6. Nf3 Nd7 7. 0-0 c5 8. c3 Qb6 9. b3 Ne7 10. Be3 Nc6 11. Nbd2 cxd4 12. cxd4 Be7 13. a3 a5 14. Rfe1 0-0 15. h3 Rfc8 16. Nh2 Qa6 17. Qxa6 Rxa6 18. f4 Na7 19. a4 Bb4 20. Rec1 Rac6 21. Ndf3 Rc3 22. Rxc3 Rxc3 23. Bd2 Rxb3 24. Bxb4 Rxb4 25. Rc1 Nc6 26. Nf1 Rxa4 27. N1d2 h6 28. Nb3 Rb4 29. Rxc6 bxc6 30. Nxa5 c5 31. dxc5 Nxc5 32. Nc6 Rxf4 33. Ncd4 Nd3 34. g3 Re4 35. Nc6 Re3 36. Kg2 Ne1+ 37. Nxe1 Rxe1 38. Kf2 Re4 39. Kf3 Kf8 0-1

[Event "Sant Adria de Besos op 11th"]
[Site "Sant Adria de Besos"]
[Date "2015.05.24"]
[Round "5.22"]
[White "Samper Casas, Oriol"]
[Black "Garcia Gomez, Luis"]
[Result "1/2-1/2"]
[WhiteElo "1797"]
[BlackElo "1755"]
[PlyCount "59"]
[EventDate "2015.04.12"]
[EventType "swiss"]
[EventRounds "9"]
[EventCountry "ESP"]
[SourceTitle "EXT 2024"]
[Source "ChessBase"]
[SourceDate "2023.10.10"]
[SourceVersion "1"]
[SourceVersionDate "2023.10.10"]
[SourceQuality "1"]

1. e4 e5 2. d3 Be7 3. Nc3 Nf6 4. g3 d5 5. Bg2 Be6 6. b3 Bb4 7. Bd2 0-0 8. a3 Be7 9. f4 exf4 10. Bxf4 dxe4 11. Nxe4 Bd5 12. Ne2 Bxe4 13. dxe4 Qxd1+ 14. Rxd1 c6 15. Bd6 Re8 16. Bxe7 Rxe7 17. Rd8+ Re8 18. Rxe8+ Nxe8 19. 0-0 Nd7 20. Rd1 Nef6 21. Nf4 Kf8 22. Nd3 Re8 23. Re1 Ne5 24. Nxe5 Rxe5 25. c4 Ke7 26. h3 Nd7 27. b4 f5 28. Kf2 fxe4 29. Rxe4 Rxe4 30. Bxe4 1/2-1/2